Elementos de matemáticas, 2

Zapisane w:
Opis bibliograficzny
1. autor: Mena Lorca, Arturo (autor)
Format: Książka
Język:hiszpański
Wydane: Valparaíso Universidad Católica de Valparaíso 2000
Hasła przedmiotowe:
Etykiety: Dodaj etykietę
Nie ma etykietki, Dołącz pierwszą etykiete!

MARC

LEADER 00000cam a2200000 a 4500
001 UCO0613
003 CL-VaPUC
005 20241204131010.0
008 000420e20000000CL |||||||||||||||||spa|d
999 |c 287262  |d 287260 
040 |c Pontificia Universidad Católica de Valparaíso 
082 0 4 |a 511.3  |b MEN  |2 21 
100 |a Mena Lorca, Arturo  |e autor  |9 775862 
245 1 0 |a Elementos de matemáticas, 2 
260 |a Valparaíso  |b Universidad Católica de Valparaíso  |c 2000 
300 |a 170 p 
583 |a last modification  |c 20130125 16:33:53  |k Rodrigo Vera 
650 7 |a Matemática  |x Números reales  |x Números complejos   |2 CL-VaPUC  |9 260171 
650 0 |a Lógica matemática  |x Análisis matemático  |9 270335 
650 0 |a Trigonometría  |9 270334 
650 0 |a Geometría analítica  |x Vectores  |9 270626 
942 |c BK  |2 ddc 
945 |d 20000420 00:00:00  |a vberengu 
952 |0 0  |1 0  |4 0  |6 511_300000000000000_MEN_2000  |7 0  |8 A  |9 333802  |a BIBING  |b BIBING  |d 2019-11-20  |i 3616053  |o 511.3 MEN 2000  |p 3616053  |r 2024-03-12  |w 2019-11-20  |y BK  |k ING 
952 |0 0  |1 0  |4 0  |6 511_300000000000000_MEN_2000  |7 0  |8 A  |9 333805  |a BIBING  |b BIBING  |d 2019-11-20  |i 3616096  |l 1  |o 511.3 MEN 2000  |p 3616096  |r 2025-01-20  |s 2024-03-21  |w 2019-11-20  |y BK  |k ING 
952 |0 0  |1 0  |4 0  |6 511_300000000000000_MEN_2000  |7 0  |8 A  |9 333810  |a BIBING  |b BIBING  |d 2019-11-20  |i 3616142  |o 511.3 MEN 2000  |p 3616142  |r 2024-03-15  |w 2019-11-20  |y BK  |k ING 
952 |0 0  |1 0  |4 0  |6 511_300000000000000_MEN_2000  |7 0  |8 A  |9 333836  |a BIBING  |b BIBING  |d 2019-11-20  |i 3616460  |o 511.3 MEN 2000  |p 3616460  |r 2025-01-20  |w 2019-11-20  |y BK  |k ING 
952 |0 0  |1 0  |4 0  |6 511_300000000000000_MEN_2000  |7 0  |8 A  |9 333841  |a BIBING  |b BIBING  |d 2019-11-20  |i 3616533  |o 511.3 MEN 2000  |p 3616533  |r 2025-01-20  |w 2019-11-20  |y BK  |k ING 
952 |0 0  |1 0  |4 0  |6 511_300000000000000_MEN_2000  |7 0  |8 A  |9 333844  |a BIBING  |b BIBING  |d 2019-11-20  |i 3616576  |o 511.3 MEN 2000  |p 3616576  |r 2023-03-02  |w 2019-11-20  |y BK  |k ING 
952 |0 0  |1 0  |2 ddc  |4 0  |6 511_300000000000000_MEN_2000  |7 0  |8 A  |9 333851  |a BIBING  |b BIBING  |d 2019-11-20  |i 3616665  |o 511.3 MEN 2000  |p 3616665  |r 2025-01-20  |w 2019-11-20  |y BK  |k ING 
952 |0 0  |1 0  |2 ddc  |4 0  |6 511_300000000000000_MEN_2000  |7 0  |8 A  |9 333852  |a BIBING  |b BIBING  |d 2019-11-20  |i 3616673  |l 1  |m 1  |o 511.3 MEN 2000  |p 3616673  |r 2025-01-20  |s 2024-03-15  |w 2019-11-20  |y BK  |k ING 
952 |0 0  |1 0  |2 ddc  |4 0  |6 511_300000000000000_MEN_2000  |7 0  |8 A  |9 333853  |a BIBING  |b BIBING  |d 2019-11-20  |i 3616681  |l 3  |o 511.3 MEN 2000  |p 3616681  |r 2025-01-20  |s 2022-05-09  |w 2019-11-20  |y BK  |k ING 
952 |0 0  |1 0  |2 ddc  |4 0  |6 511_300000000000000_MEN_2000  |7 0  |8 A  |9 333854  |a BIBING  |b BIBING  |d 2019-11-20  |i 361669K  |o 511.3 MEN 2000  |p 361669K  |r 2025-01-20  |w 2019-11-20  |y BK  |k ING 
952 |0 0  |1 0  |2 ddc  |4 0  |6 511_300000000000000_MEN_2000  |7 0  |8 A  |9 333855  |a BIBING  |b BIBING  |d 2019-11-20  |i 3616703  |o 511.3 MEN 2000  |p 3616703  |r 2025-01-20  |w 2019-11-20  |y BK  |k ING 
952 |0 0  |1 0  |2 ddc  |4 0  |6 511_300000000000000_MEN_2000  |7 0  |8 A  |9 333856  |a BIBING  |b BIBING  |d 2019-11-20  |i 3616711  |o 511.3 MEN 2000  |p 3616711  |r 2025-01-20  |w 2019-11-20  |y BK  |k ING 
952 |0 0  |1 0  |2 ddc  |4 0  |6 511_300000000000000_MEN_2000  |7 0  |8 A  |9 333857  |a BIBING  |b BIBING  |d 2019-11-20  |i 361672K  |l 2  |m 2  |o 511.3 MEN 2000  |p 361672K  |r 2025-01-20  |s 2024-04-04  |w 2019-11-20  |y BK  |k ING 
952 |0 0  |1 0  |2 ddc  |4 0  |6 511_300000000000000_MEN_2000  |7 0  |8 A  |9 333858  |a BIBING  |b BIBING  |d 2019-11-20  |i 3616738  |o 511.3 MEN 2000  |p 3616738  |r 2025-01-20  |w 2019-11-20  |y BK  |k ING 
952 |0 0  |1 0  |2 ddc  |4 0  |6 511_300000000000000_MEN_2000  |7 0  |8 A  |9 333859  |a BIBING  |b BIBING  |d 2019-11-20  |i 3616754  |o 511.3 MEN 2000  |p 3616754  |r 2025-01-20  |w 2019-11-20  |y BK  |k ING 
952 |0 0  |1 0  |2 ddc  |4 0  |6 511_300000000000000_MEN_2000  |7 0  |8 A  |9 333861  |a BIBING  |b BIBING  |d 2019-11-20  |i 3616770  |o 511.3 MEN 2000  |p 3616770  |r 2025-01-20  |w 2019-11-20  |y BK  |k ING 
952 |0 0  |1 0  |2 ddc  |4 0  |6 511_300000000000000_MEN_2000  |7 0  |8 A  |9 333862  |a BIBING  |b BIBING  |d 2019-11-20  |i 3616789  |o 511.3 MEN 2000  |p 3616789  |r 2025-01-20  |w 2019-11-20  |y BK  |k ING 
952 |0 0  |1 0  |2 ddc  |4 0  |6 511_300000000000000_MEN_2000  |7 0  |8 A  |9 333863  |a BIBING  |b BIBING  |d 2019-11-20  |i 3616797  |o 511.3 MEN 2000  |p 3616797  |r 2025-01-20  |w 2019-11-20  |y BK  |k ING 
952 |0 0  |1 0  |2 ddc  |4 0  |6 511_300000000000000_MEN_2000  |7 0  |8 A  |9 333864  |a BIBING  |b BIBING  |d 2019-11-20  |i 3616800  |l 4  |o 511.3 MEN 2000  |p 3616800  |r 2025-01-20  |s 2020-05-20  |w 2019-11-20  |y BK  |k ING 
952 |0 0  |1 0  |2 ddc  |4 0  |6 511_300000000000000_MEN_2000  |7 0  |8 A  |9 333865  |a BIBING  |b BIBING  |d 2019-11-20  |i 3616819  |o 511.3 MEN 2000  |p 3616819  |r 2025-01-20  |w 2019-11-20  |y BK  |k ING 
952 |0 0  |1 0  |2 ddc  |4 0  |6 511_300000000000000_MEN_2000  |7 0  |8 A  |9 333866  |a BIBING  |b BIBING  |d 2019-11-20  |i 3616827  |o 511.3 MEN 2000  |p 3616827  |r 2025-01-20  |w 2019-11-20  |y BK  |k ING 
952 |0 0  |1 0  |2 ddc  |4 0  |6 511_300000000000000_MEN_2000  |7 0  |8 A  |9 333867  |a BIBING  |b BIBING  |d 2019-11-20  |i 3616835  |o 511.3 MEN 2000  |p 3616835  |r 2025-01-20  |w 2019-11-20  |y BK  |k ING 
952 |0 0  |1 0  |2 ddc  |4 0  |6 511_300000000000000_MEN_2000  |7 0  |8 A  |9 333868  |a BIBING  |b BIBING  |d 2019-11-20  |i 3616843  |o 511.3 MEN 2000  |p 3616843  |r 2025-01-20  |w 2019-11-20  |y BK  |k ING 
952 |0 0  |1 0  |2 ddc  |4 0  |6 511_300000000000000_MEN_2000  |7 0  |8 A  |9 333870  |a BIBING  |b BIBING  |d 2019-11-20  |i 361686K  |o 511.3 MEN 2000  |p 361686K  |r 2025-01-20  |w 2019-11-20  |y BK  |k ING 
952 |0 0  |1 0  |2 ddc  |4 0  |6 511_300000000000000_MEN_2000  |7 0  |8 A  |9 333871  |a BIBING  |b BIBING  |d 2019-11-20  |i 3616878  |l 1  |o 511.3 MEN 2000  |p 3616878  |r 2025-01-20  |s 2024-03-13  |w 2019-11-20  |y BK  |k ING 
952 |0 0  |1 0  |2 ddc  |4 0  |6 511_300000000000000_MEN_2000  |7 0  |8 A  |9 333873  |a BIBING  |b BIBING  |d 2019-11-20  |i 3616908  |o 511.3 MEN 2000  |p 3616908  |r 2025-01-20  |w 2019-11-20  |y BK  |k ING 
952 |0 0  |1 0  |2 ddc  |4 0  |6 511_300000000000000_MEN_2000  |7 0  |8 A  |9 333874  |a BIBING  |b BIBING  |d 2019-11-20  |i 3616916  |o 511.3 MEN 2000  |p 3616916  |r 2025-01-20  |w 2019-11-20  |y BK  |k ING 
952 |0 0  |1 0  |2 ddc  |4 0  |6 511_300000000000000_MEN_2000  |7 0  |8 A  |9 333875  |a BIBING  |b BIBING  |d 2019-11-20  |i 3616932  |o 511.3 MEN 2000  |p 3616932  |r 2025-01-20  |w 2019-11-20  |y BK  |k ING 
952 |0 0  |1 0  |2 ddc  |4 0  |6 511_300000000000000_MEN_2000  |7 0  |8 A  |9 333876  |a BIBING  |b BIBING  |d 2019-11-20  |i 3616940  |o 511.3 MEN 2000  |p 3616940  |r 2025-01-20  |w 2019-11-20  |y BK  |k ING 
952 |0 0  |1 0  |2 ddc  |4 0  |6 511_300000000000000_MEN_2000  |7 0  |8 A  |9 333877  |a BIBING  |b BIBING  |d 2019-11-20  |i 3616959  |l 5  |o 511.3 MEN 2000  |p 3616959  |r 2025-01-20  |s 2024-03-12  |w 2019-11-20  |y BK  |k ING 
952 |0 0  |1 0  |2 ddc  |4 0  |6 511_300000000000000_MEN_2000  |7 0  |8 A  |9 333878  |a BIBING  |b BIBING  |d 2019-11-20  |i 3616967  |o 511.3 MEN 2000  |p 3616967  |r 2025-01-20  |w 2019-11-20  |y BK  |k ING 
952 |0 0  |1 0  |2 ddc  |4 0  |6 511_300000000000000_MEN_2000  |7 0  |8 A  |9 333879  |a BIBING  |b BIBING  |d 2019-11-20  |i 3616975  |o 511.3 MEN 2000  |p 3616975  |r 2025-01-20  |w 2019-11-20  |y BK  |k ING 
952 |0 0  |1 0  |2 ddc  |4 0  |6 511_300000000000000_MEN_2000  |7 0  |8 A  |9 333880  |a BIBING  |b BIBING  |d 2019-11-20  |i 3616983  |l 1  |o 511.3 MEN 2000  |p 3616983  |r 2025-01-20  |s 2024-05-24  |w 2019-11-20  |y BK  |k ING 
952 |0 0  |1 0  |2 ddc  |4 0  |6 511_300000000000000_MEN_2000  |7 0  |8 A  |9 333881  |a BIBING  |b BIBING  |d 2019-11-20  |i 3616991  |o 511.3 MEN 2000  |p 3616991  |r 2025-01-20  |w 2019-11-20  |y BK  |k ING 
952 |0 0  |1 0  |2 ddc  |4 0  |6 511_300000000000000_MEN_2000  |7 0  |8 A  |9 333882  |a BIBING  |b BIBING  |d 2019-11-20  |i 3617009  |l 1  |o 511.3 MEN 2000  |p 3617009  |r 2025-01-20  |s 2024-03-12  |w 2019-11-20  |y BK  |k ING 
952 |0 0  |1 0  |2 ddc  |4 0  |6 511_300000000000000_MEN_2000  |7 0  |8 A  |9 333885  |a BIBING  |b BIBING  |d 2019-11-20  |i 3617033  |l 2  |m 2  |o 511.3 MEN 2000  |p 3617033  |r 2025-01-20  |s 2024-04-29  |w 2019-11-20  |y BK  |k ING 
952 |0 0  |1 0  |2 ddc  |4 0  |6 511_300000000000000_MEN_2000  |7 0  |8 A  |9 333886  |a BIBING  |b BIBING  |d 2019-11-20  |i 3617041  |l 1  |o 511.3 MEN 2000  |p 3617041  |r 2025-01-20  |s 2024-05-17  |w 2019-11-20  |y BK  |k ING 
952 |0 0  |1 0  |4 0  |6 511_300000000000000_MEN_2000  |7 0  |8 A  |9 333887  |a BIBING  |b BIBING  |d 2019-11-20  |i 361705K  |o 511.3 MEN 2000  |p 361705K  |r 2025-01-20  |w 2019-11-20  |y BK  |k ING 
952 |0 0  |1 0  |4 0  |6 511_300000000000000_MEN_2000  |7 0  |8 A  |9 333888  |a BIBING  |b BIBING  |d 2019-11-20  |i 3617068  |o 511.3 MEN 2000  |p 3617068  |r 2025-01-20  |w 2019-11-20  |y BK  |k ING 
952 |0 0  |1 0  |4 0  |6 511_300000000000000_MEN_2000  |7 0  |8 A  |9 333889  |a BIBING  |b BIBING  |d 2019-11-20  |i 3617076  |o 511.3 MEN 2000  |p 3617076  |r 2025-01-20  |w 2019-11-20  |y BK  |k ING 
952 |0 0  |1 0  |4 0  |6 511_300000000000000_MEN_2000  |7 0  |8 A  |9 333890  |a BIBING  |b BIBING  |d 2019-11-20  |i 3617084  |l 2  |o 511.3 MEN 2000  |p 3617084  |r 2025-01-20  |s 2023-04-21  |w 2019-11-20  |y BK  |k ING 
952 |0 0  |1 0  |4 0  |6 511_300000000000000_MEN_2000  |7 0  |8 A  |9 333891  |a BIBING  |b BIBING  |d 2019-11-20  |i 3617092  |l 1  |o 511.3 MEN 2000  |p 3617092  |r 2025-01-20  |s 2023-03-10  |w 2019-11-20  |y BK  |k ING 
952 |0 0  |1 0  |4 0  |6 511_300000000000000_MEN_2000  |7 0  |8 A  |9 333892  |a BIBING  |b BIBING  |d 2019-11-20  |i 3617106  |l 1  |o 511.3 MEN 2000  |p 3617106  |r 2025-01-20  |s 2023-04-26  |w 2019-11-20  |y BK  |k ING 
952 |0 0  |1 0  |4 0  |6 511_300000000000000_MEN_2000  |7 0  |8 A  |9 333893  |a BIBING  |b BIBING  |d 2019-11-20  |i 3617114  |l 1  |o 511.3 MEN 2000  |p 3617114  |r 2025-01-20  |s 2023-04-13  |w 2019-11-20  |y BK  |k ING 
952 |0 0  |1 0  |4 0  |6 511_300000000000000_MEN_2000  |7 0  |8 A  |9 333895  |a BIBING  |b BIBING  |d 2019-11-20  |i 3617130  |o 511.3 MEN 2000  |p 3617130  |r 2025-01-20  |w 2019-11-20  |y BK  |k ING 
952 |0 0  |1 0  |4 0  |6 511_300000000000000_MEN_2000  |7 0  |8 A  |9 333896  |a BIBING  |b BIBING  |d 2019-11-20  |i 3617149  |l 3  |m 1  |o 511.3 MEN 2000  |p 3617149  |r 2025-01-20  |s 2024-09-13  |w 2019-11-20  |y BK  |k ING 
952 |0 0  |1 0  |4 0  |6 511_300000000000000_MEN_2000  |7 0  |8 A  |9 333897  |a BIBING  |b BIBING  |d 2019-11-20  |i 3617157  |l 2  |o 511.3 MEN 2000  |p 3617157  |r 2025-01-20  |s 2023-03-14  |w 2019-11-20  |y BK  |k ING 
952 |0 0  |1 0  |4 0  |6 511_300000000000000_MEN_2000  |7 0  |8 A  |9 333898  |a BIBING  |b BIBING  |d 2019-11-20  |i 3617165  |l 1  |o 511.3 MEN 2000  |p 3617165  |r 2025-01-20  |s 2023-04-21  |w 2019-11-20  |y BK  |k ING 
952 |0 0  |1 0  |4 0  |6 511_300000000000000_MEN_2000  |7 0  |8 A  |9 333899  |a BIBING  |b BIBING  |d 2019-11-20  |i 3617173  |l 3  |o 511.3 MEN 2000  |p 3617173  |r 2025-03-14  |s 2025-03-07  |w 2019-11-20  |y BK  |k ING 
952 |0 0  |1 0  |4 0  |6 511_300000000000000_MEN_2000  |7 0  |8 A  |9 333900  |a BIBING  |b BIBING  |d 2019-11-20  |i 3617181  |o 511.3 MEN 2000  |p 3617181  |r 2025-01-20  |w 2019-11-20  |y BK  |k ING 
952 |0 0  |1 0  |4 0  |6 511_300000000000000_MEN_2000  |7 0  |8 A  |9 333901  |a BIBING  |b BIBING  |d 2019-11-20  |i 361719K  |l 2  |o 511.3 MEN 2000  |p 361719K  |r 2025-01-20  |s 2023-03-13  |w 2019-11-20  |y BK  |k ING 
952 |0 0  |1 0  |4 0  |6 511_300000000000000_MEN_2000  |7 0  |8 A  |9 333902  |a BIBING  |b BIBING  |d 2019-11-20  |i 3621421  |l 1  |o 511.3 MEN 2000  |p 3621421  |r 2025-01-20  |s 2023-04-21  |w 2019-11-20  |y BK  |k ING 
952 |0 0  |1 0  |4 0  |6 511_300000000000000_MEN_2000  |7 0  |8 A  |9 333903  |a BIBING  |b BIBING  |d 2019-11-20  |i 362143K  |l 2  |o 511.3 MEN 2000  |p 362143K  |r 2025-01-20  |s 2022-05-19  |w 2019-11-20  |y BK  |k ING 
952 |0 0  |1 0  |4 0  |6 511_300000000000000_MEN_2000  |7 0  |8 A  |9 333904  |a BIBING  |b BIBING  |d 2019-11-20  |i 3621448  |l 3  |m 2  |o 511.3 MEN 2000  |p 3621448  |r 2025-01-20  |s 2024-05-13  |w 2019-11-20  |y BK  |k ING 
952 |0 0  |1 0  |4 0  |6 511_300000000000000_MEN_2000  |7 0  |8 A  |9 333905  |a BIBING  |b BIBING  |d 2019-11-20  |i 3621456  |o 511.3 MEN 2000  |p 3621456  |r 2025-01-20  |w 2019-11-20  |y BK  |k ING 
952 |0 0  |1 0  |4 0  |6 511_300000000000000_MEN_2000  |7 0  |8 A  |9 333906  |a BIBING  |b BIBING  |d 2019-11-20  |i 3621464  |o 511.3 MEN 2000  |p 3621464  |r 2025-01-20  |w 2019-11-20  |y BK  |k ING 
952 |0 0  |1 0  |2 ddc  |4 0  |6 511_300000000000000_MEN_2000  |7 0  |8 A  |9 333907  |a BIBING  |b BIBING  |d 2019-11-20  |i 4588398  |o 511.3 MEN 2000  |p 4588398  |r 2025-01-20  |w 2019-11-20  |y BK  |k ING 
952 |0 0  |1 0  |3 erb  |4 0  |6 511_300000000000000_MEN_2000  |7 0  |8 A  |9 333908  |a BIBING  |b BIBING  |i 541279K  |o 511.3 MEN 2000  |p 541279K  |r 2024-01-25  |w 2019-11-20  |y BK  |z Catalogado en:20180824  |k ING